[Event "25. Copenhagen Open  (Politiken Cup)"]
[Site "Copenhagen"]
[Date "2003.07.22"]
[Round "8"]
[White "Busk, Casper"]
[Black "Carstensen, Jacob"]
[Result "0-1"]
[WhiteElo "2126"]
[BlackElo "2275"]
[PlyCount "56"]
[EventDate "2003.07.14"]
[EventType "swiss"]
[EventRounds "11"]
[EventCountry "DEN"]
[SourceDate "2004.01.01"]

1. e4 Nc6 2. d4 e5 3. Nf3 exd4 4. Nxd4 Nf6 5. Nxc6 bxc6 6. e5 Qe7 7. Qe2 Nd5 8.
c4 Nb6 9. b3 Qe6 10. Bb2 Bb4+ 11. Nd2 O-O 12. a3 Bxd2+ 13. Qxd2 f6 14. c5 Nd5
15. Bc4 fxe5 16. Rd1 Bb7 17. Qa5 Kh8 18. O-O Rac8 19. Qxa7 Ba8 20. Rde1 Rf5 21.
f4 e4 22. Be5 Rxe5 23. fxe5 Qxe5 24. Kh1 Nf6 25. Be2 d5 26. Ba6 Re8 27. Bb7 Ng4
28. g3 Qb2 0-1

[Event "25. Copenhagen Open  (Politiken Cup)"]
[Site "Copenhagen"]
[Date "2003.07.22"]
[Round "8"]
[White "Bohlke, Christian"]
[Black "Auchenberg, Per"]
[Result "1-0"]
[WhiteElo "2205"]
[BlackElo "2075"]
[PlyCount "75"]
[EventDate "2003.07.14"]
[EventType "swiss"]
[EventRounds "11"]
[EventCountry "DEN"]
[SourceDate "2004.01.01"]

1. e4 c5 2. Nf3 e6 3. d4 cxd4 4. Nxd4 a6 5. Bd3 g6 6. c4 Bg7 7. Nb3 Ne7 8. Nc3
O-O 9. O-O b6 10. Be2 Bb7 11. Bg5 h6 12. Be3 f5 13. Qd2 Kh7 14. f3 fxe4 15.
fxe4 Rxf1+ 16. Rxf1 Nbc6 17. Na4 Nc8 18. Rf7 Ne5 19. Rxg7+ Kxg7 20. Bd4 Qf6 21.
Bxe5 Qxe5 22. Qxd7+ Kg8 23. Qxb7 Rb8 24. Qd7 Nd6 25. Nc3 Rf8 26. Qc6 b5 27.
cxb5 axb5 28. Bxb5 Qf4 29. h3 Nxb5 30. Qxb5 Qe3+ 31. Kh2 Rf2 32. Qe5 Rxb2 33.
Qxe6+ Kg7 34. Nd5 Rxg2+ 35. Kxg2 Qe2+ 36. Kg3 Qe1+ 37. Kf4 Qf2+ 38. Ke5 1-0

[Event "25. Copenhagen Open  (Politiken Cup)"]
[Site "Copenhagen"]
[Date "2003.07.22"]
[Round "8"]
[White "Christensen, Christian"]
[Black "Johansson, Thomas"]
[Result "0-1"]
[WhiteElo "2113"]
[BlackElo "2231"]
[PlyCount "62"]
[EventDate "2003.07.14"]
[EventType "swiss"]
[EventRounds "11"]
[EventCountry "DEN"]
[SourceDate "2004.01.01"]

1. Nf3 f5 2. c4 Nf6 3. g3 g6 4. d4 Bg7 5. b4 d6 6. Bb2 e5 7. dxe5 Nfd7 8. Qd2
dxe5 9. e4 fxe4 10. Ng5 Bh6 11. h4 Qe7 12. Nc3 Nf6 13. Bg2 Qxb4 14. Ncxe4 Qxd2+
15. Kxd2 Nxe4+ 16. Bxe4 Nd7 17. f4 Nb6 18. Rac1 O-O 19. Bxe5 Bxg5 20. hxg5 Be6
21. Ba1 Rad8+ 22. Kc2 Nxc4 23. Bc3 Nd6 24. Rxh7 Kxh7 25. Rh1+ Kg8 26. Bxg6 Bf5+
27. Bxf5 Nxf5 28. g6 Nd4+ 29. Kd3 Nb5+ 30. Ke3 Nxc3 31. Kf3 Rd6 0-1

[Event "25. Copenhagen Open  (Politiken Cup)"]
[Site "Copenhagen"]
[Date "2003.07.22"]
[Round "8"]
[White "Christensen, Christoffer"]
[Black "Taksrud, Vidar"]
[Result "0-1"]
[WhiteElo "1599"]
[BlackElo "1914"]
[PlyCount "36"]
[EventDate "2003.07.14"]
[EventType "swiss"]
[EventRounds "11"]
[EventCountry "DEN"]
[SourceDate "2004.01.01"]

1. e4 d6 2. d4 Nf6 3. Nc3 g6 4. f4 Bg7 5. Nf3 O-O 6. Bd3 c6 7. O-O Qc7 8. h3 b5
9. e5 Nfd7 10. Ne4 Nb6 11. g4 f5 12. Ng3 fxg4 13. hxg4 Bxg4 14. Kg2 Nd5 15. f5
gxf5 16. Rh1 dxe5 17. Bh6 Bxh6 18. Rxh6 Ne3+ 0-1

[Event "25. Copenhagen Open  (Politiken Cup)"]
[Site "Copenhagen"]
[Date "2003.07.22"]
[Round "8"]
[White "Christensen, Janus"]
[Black "Nielsen, Borge Hjerrild"]
[Result "1-0"]
[WhiteElo "1951"]
[BlackElo "2134"]
[PlyCount "67"]
[EventDate "2003.07.14"]
[EventType "swiss"]
[EventRounds "11"]
[EventCountry "DEN"]
[SourceDate "2004.01.01"]

1. e4 c6 2. c4 d5 3. cxd5 cxd5 4. exd5 Qxd5 5. Nc3 Qd6 6. d4 e6 7. Nf3 Nf6 8.
Bg5 Be7 9. Rc1 Na6 10. Bb5+ Bd7 11. O-O Bxb5 12. Nxb5 Qb6 13. Qa4 O-O 14. Ne5
Qd8 15. Bxf6 Bxf6 16. Rfd1 Qe7 17. Rc4 Rfd8 18. Rdc1 Bxe5 19. dxe5 Qd7 20. h4
Qd5 21. Nd6 Rab8 22. Rf4 f6 23. Rf3 Qxe5 24. Nxb7 Rxb7 25. Qxa6 Rbd7 26. Rg3 h6
27. Rc8 Rd1+ 28. Kh2 f5 29. f4 Qxb2 30. Qxe6+ Kh8 31. Rc6 R1d7 32. Qxf5 Qd4 33.
Rgg6 Rd6 34. Rgxd6 1-0

[Event "25. Copenhagen Open  (Politiken Cup)"]
[Site "Copenhagen"]
[Date "2003.07.22"]
[Round "8"]
[White "Christensen, Jens"]
[Black "Rasmussen, Peter Nybo"]
[Result "0-1"]
[WhiteElo "1300"]
[BlackElo "1692"]
[PlyCount "34"]
[EventDate "2003.07.14"]
[EventType "swiss"]
[EventRounds "11"]
[EventCountry "DEN"]
[SourceDate "2004.01.01"]

1. d4 Nf6 2. c4 e6 3. Nc3 d5 4. e3 Be7 5. Nf3 O-O 6. Bd3 b6 7. O-O Bb7 8. Ne5
Nbd7 9. f4 Ne4 10. Qc2 f5 11. a4 c5 12. b3 cxd4 13. exd4 Nxe5 14. dxe5 Bc5+ 15.
Kh1 Nxc3 16. Qxc3 dxc4 17. Bxc4 Bd4 0-1

[Event "25. Copenhagen Open  (Politiken Cup)"]
[Site "Copenhagen"]
[Date "2003.07.22"]
[Round "8"]
[White "Christoffersen, Ebbe"]
[Black "Petersen, Lars"]
[Result "1/2-1/2"]
[WhiteElo "1737"]
[BlackElo "2047"]
[PlyCount "34"]
[EventDate "2003.07.14"]
[EventType "swiss"]
[EventRounds "11"]
[EventCountry "DEN"]
[SourceDate "2004.01.01"]

1. e4 c6 2. d4 d5 3. Nc3 dxe4 4. Nxe4 Nf6 5. Nxf6+ gxf6 6. Bf4 Bf5 7. Nf3 e6 8.
Bd3 Bg6 9. c3 Bd6 10. Bxd6 Qxd6 11. Qe2 Nd7 12. Bxg6 hxg6 13. O-O-O O-O-O 14.
Kb1 Qf4 15. h3 Rhe8 16. Nd2 Nb6 17. Qf3 Qxf3 1/2-1/2

[Event "25. Copenhagen Open  (Politiken Cup)"]
[Site "Copenhagen"]
[Date "2003.07.22"]
[Round "8"]
[White "Christoffersen, Jan"]
[Black "Manley, Christian"]
[Result "0-1"]
[WhiteElo "1398"]
[BlackElo "1613"]
[PlyCount "83"]
[EventDate "2003.07.14"]
[EventType "swiss"]
[EventRounds "11"]
[EventCountry "DEN"]
[SourceDate "2004.01.01"]

1. e4 c5 2. Nf3 d6 3. d4 cxd4 4. Nxd4 Nf6 5. Nc3 g6 6. f3 Bg7 7. Be3 Bd7 8. Qd2
Nc6 9. Bc4 O-O 10. O-O-O a6 11. h4 Rc8 12. Bb3 Na5 13. Kb1 b5 14. g4 Nc4 15.
Bxc4 bxc4 16. h5 Rb8 17. hxg6 fxg6 18. g5 Nh5 19. f4 e5 20. Nde2 exf4 21. Qd5+
Kh8 22. Bd4 f3 23. Bxg7+ Nxg7 24. Ng3 Qb6 25. b3 cxb3 26. cxb3 Be6 27. Qxd6 Qe3
28. Nd5 Qxg5 29. Ne7 Rbe8 30. Rxh7+ Kxh7 31. Rh1+ Nh5 32. Nxh5 gxh5 33. Qxe6
Rxe7 34. Rxh5+ Qxh5 35. Qxe7+ Rf7 36. Qb4 f2 37. e5 f1=Q+ 38. Kb2 Qhe2+ 39. Ka3
Qc1+ 40. Ka4 Qb5+ 41. Qxb5 axb5+ 42. Kxb5 0-1

[Event "25. Copenhagen Open  (Politiken Cup)"]
[Site "Copenhagen"]
[Date "2003.07.22"]
[Round "8"]
[White "Cohen, Ronnie"]
[Black "Radovic, Slobodan"]
[Result "1-0"]
[WhiteElo "1695"]
[BlackElo "1391"]
[PlyCount "38"]
[EventDate "2003.07.14"]
[EventType "swiss"]
[EventRounds "11"]
[EventCountry "DEN"]
[SourceDate "2004.01.01"]

1. e4 Nc6 2. Nf3 g6 3. d4 Bg7 4. Bc4 e6 5. O-O Na5 6. Bd3 d5 7. exd5 exd5 8.
Re1+ Ne7 9. Bg5 f6 10. Bd2 Nc4 11. Bxc4 dxc4 12. Qe2 b5 13. Bb4 Bf8 14. a4 Bd7
15. axb5 Bxb5 16. Nc3 c6 17. d5 a5 18. Bc5 Rb8 19. d6 Rb7 1-0

[Event "25. Copenhagen Open  (Politiken Cup)"]
[Site "Copenhagen"]
[Date "2003.07.22"]
[Round "8"]
[White "De Andres Gonalons, Fernando"]
[Black "Liden, Tommy"]
[Result "0-1"]
[WhiteElo "2112"]
[BlackElo "1883"]
[PlyCount "60"]
[EventDate "2003.07.14"]
[EventType "swiss"]
[EventRounds "11"]
[EventCountry "DEN"]
[SourceDate "2004.01.01"]

1. d4 d5 2. c4 e6 3. Nc3 c6 4. Nf3 dxc4 5. a4 Bb4 6. e3 b5 7. Bd2 a5 8. axb5
Bxc3 9. Bxc3 cxb5 10. b3 Bb7 11. bxc4 b4 12. Bb2 Nf6 13. Bd3 Ne4 14. Qa4+ Qd7
15. Qc2 f5 16. Ne5 Qc7 17. Qa4+ Ke7 18. c5 Rc8 19. Nc4 Rd8 20. Bxe4 Bxe4 21.
Nb6 Ra7 22. Qb3 Bxg2 23. Rg1 Qxh2 24. O-O-O g6 25. d5 Rc7 26. d6+ Rxd6 27. Rxg2
Rxc5+ 28. Kb1 Qxg2 29. Rxd6 Kxd6 30. Qd3+ Kc7 0-1

[Event "25. Copenhagen Open  (Politiken Cup)"]
[Site "Copenhagen"]
[Date "2003.07.22"]
[Round "8"]
[White "Edvardsen, Ingar"]
[Black "Udmark, Jonas"]
[Result "0-1"]
[WhiteElo "1156"]
[BlackElo "1964"]
[PlyCount "118"]
[EventDate "2003.07.14"]
[EventType "swiss"]
[EventRounds "11"]
[EventCountry "DEN"]
[SourceDate "2004.01.01"]

1. e4 d6 2. d4 Nf6 3. Nc3 g6 4. Nf3 Bg7 5. Be2 O-O 6. O-O c6 7. Be3 Qc7 8. Qd2
Bg4 9. h3 Bxf3 10. Bxf3 Nbd7 11. Bh6 e5 12. d5 a6 13. g4 cxd5 14. exd5 Rfe8 15.
g5 Bxh6 16. gxh6 Rac8 17. Rae1 Qc4 18. Qd3 Qh4 19. Kh2 Qxh6 20. Qe3 Qh4 21. Rg1
e4 22. Bg4 Ne5 23. Qe2 h5 24. Bxc8 Nf3+ 25. Kh1 Rxc8 26. Rg3 Nd4 27. Qd2 Nf5
28. Kg2 Nxg3 29. fxg3 e3 30. Qxe3 Qc4 31. Qg5 Nd7 32. Qe7 Qc7 33. Rf1 Ne5 34.
Qxc7 Rxc7 35. Kf2 b5 36. a3 Nc4 37. Rb1 Nxb2 38. Rxb2 Rxc3 39. Ra2 Rc5 40. Ke3
Rxd5 41. Ke4 Rc5 42. a4 b4 43. a5 Kf8 44. Rb2 Rxa5 45. Rxb4 Ke7 46. g4 h4 47.
Kf4 Ra3 48. Rb7+ Ke6 49. Rb3 Rxb3 50. cxb3 d5 51. Ke3 Ke5 52. g5 a5 53. Kd3 Kf4
54. Kd4 Kg3 55. Kxd5 Kxh3 56. Kc5 Kg4 57. Kb5 h3 58. Kxa5 h2 59. b4 h1=Q 0-1

[Event "25. Copenhagen Open  (Politiken Cup)"]
[Site "Copenhagen"]
[Date "2003.07.22"]
[Round "8"]
[White "Edvardsson, Hannu Kalervo"]
[Black "Hansen, Ejlif Trier"]
[Result "0-1"]
[WhiteElo "1325"]
[BlackElo "1291"]
[PlyCount "60"]
[EventDate "2003.07.14"]
[EventType "swiss"]
[EventRounds "11"]
[EventCountry "DEN"]
[SourceDate "2004.01.01"]

1. e4 c5 2. c4 Nc6 3. Nf3 g6 4. Be2 Bg7 5. d3 d6 6. a3 Nf6 7. Nc3 O-O 8. O-O a6
9. Bd2 Rb8 10. Qc1 b5 11. b3 bxc4 12. bxc4 Bg4 13. h3 Bxf3 14. Bxf3 Nd4 15. Qd1
Nd7 16. Rb1 Ne5 17. Be2 Qc7 18. f4 Nec6 19. Bf3 e6 20. Ne2 Nxe2+ 21. Bxe2 Nd4
22. Be3 Rxb1 23. Qxb1 Nxe2+ 24. Kh1 Ng3+ 25. Kg1 Nxf1 26. Qxf1 Qa5 27. f5 exf5
28. exf5 Qc3 29. fxg6 hxg6 30. Kh1 Qa1 0-1

[Event "25. Copenhagen Open  (Politiken Cup)"]
[Site "Copenhagen"]
[Date "2003.07.22"]
[Round "8"]
[White "Egeland, Marte"]
[Black "Skaanning Pedersen, Kim Henrik"]
[Result "0-1"]
[WhiteElo "1990"]
[BlackElo "2187"]
[PlyCount "90"]
[EventDate "2003.07.14"]
[EventType "swiss"]
[EventRounds "11"]
[EventCountry "DEN"]
[SourceDate "2004.01.01"]

1. e4 c5 2. Nf3 Nc6 3. d4 cxd4 4. Nxd4 g6 5. Nc3 Bg7 6. Be3 Nf6 7. Bc4 O-O 8.
O-O Nxe4 9. Nxe4 d5 10. Bxd5 Qxd5 11. Nc3 Qa5 12. Nb3 Qf5 13. a3 Be6 14. Qe2 b6
15. Rfd1 Rfd8 16. Rab1 Qg4 17. f3 Qc4 18. Qe1 Bf5 19. Nd2 Qa6 20. Nde4 Nd4 21.
Qf2 e5 22. Bg5 Rd7 23. Qh4 Re8 24. Bh6 b5 25. Nc5 Qb6 26. Nxd7 Nxf3+ 27. Kh1
Nxh4 28. Nxb6 Bxh6 29. Nbd5 Kg7 30. Rf1 Bxc2 31. Rbe1 e4 32. Nb4 Bb3 33. Rxe4
Rxe4 34. Nxe4 a5 35. Nc5 Bc4 36. Nbd3 Be3 37. Re1 Bd4 38. Re4 Nf5 39. g4 Bd5
40. gxf5 gxf5 41. Nf4 Bxe4+ 42. Nxe4 fxe4 43. b3 Kf6 44. Kg2 Ke5 45. Kg3 a4 0-1

[Event "25. Copenhagen Open  (Politiken Cup)"]
[Site "Copenhagen"]
[Date "2003.07.22"]
[Round "8"]
[White "Flindt, Thomas"]
[Black "Larsen, Allan"]
[Result "0-1"]
[WhiteElo "2134"]
[BlackElo "2160"]
[PlyCount "78"]
[EventDate "2003.07.14"]
[EventType "swiss"]
[EventRounds "11"]
[EventCountry "DEN"]
[SourceDate "2004.01.01"]

1. e4 c5 2. Nf3 e6 3. d4 cxd4 4. Nxd4 Nf6 5. Nc3 Nc6 6. Ndb5 Bb4 7. a3 Bxc3+ 8.
Nxc3 d5 9. Bd3 d4 10. Ne2 e5 11. h3 Be6 12. O-O Qd7 13. f4 exf4 14. Bxf4 Nh5
15. Bh2 g5 16. Ng3 Nxg3 17. Bxg3 h5 18. Bb5 O-O-O 19. Be5 g4 20. h4 g3 21. c3
Qe7 22. Bxg3 Rhg8 23. Qf3 dxc3 24. Bxc6 Qc5+ 25. Kh1 Qxc6 26. bxc3 Rg4 27. Rfe1
Rdg8 28. Be5 Rxh4+ 29. Kg1 Rhg4 30. g3 h4 31. Kh2 Rxg3 32. Bxg3 Rxg3 33. Qf6
Rh3+ 34. Kg2 Qd6 35. Qf2 Rh2+ 36. Kg1 Rxf2 37. Kxf2 Qg3+ 38. Ke2 Bc4+ 39. Kd2
Qd3+ 0-1

[Event "25. Copenhagen Open  (Politiken Cup)"]
[Site "Copenhagen"]
[Date "2003.07.22"]
[Round "8"]
[White "Forsmann, Henning"]
[Black "Preuss, Flemming"]
[Result "0-1"]
[WhiteElo "1575"]
[BlackElo "2083"]
[PlyCount "102"]
[EventDate "2003.07.14"]
[EventType "swiss"]
[EventRounds "11"]
[EventCountry "DEN"]
[SourceDate "2004.01.01"]

1. d4 f5 2. c4 Nf6 3. Nc3 g6 4. f3 Bg7 5. e4 d6 6. e5 dxe5 7. dxe5 Qxd1+ 8.
Kxd1 Nfd7 9. f4 Na6 10. Nf3 b6 11. Be3 O-O 12. Ng5 Ndc5 13. h4 Rd8+ 14. Ke2 Bb7
15. h5 h6 16. Nf3 gxh5 17. Rxh5 e6 18. Nd4 Rd7 19. a3 Kf7 20. Ncb5 Ne4 21. Rh3
Rad8 22. Nf3 Nac5 23. Rc1 Nb3 24. Rc2 a6 25. Nc3 c5 26. Na4 Nd4+ 27. Bxd4 cxd4
28. Kd3 Bc6 29. Nxb6 Nc5+ 30. Kd2 Rb7 31. Nd5 exd5 32. cxd5 Nb3+ 33. Kd1 Bxd5
34. Bxa6 Ra7 35. Bd3 Na5 36. Bxf5 Bb3 37. Kd2 Bxc2 38. Bxc2 Nc4+ 39. Kc1 Rc7
40. Bb3 Ke7 41. Kb1 d3 42. Nh4 d2 43. Bd1 Rb8 44. Nf5+ Kf8 45. b4 Nxa3+ 46.
Rxa3 Rc1+ 47. Ka2 Rxd1 48. Rd3 Rf1 49. Rxd2 Rxf4 50. Nd4 Rb6 51. Nf3 Rfxb4 0-1

[Event "25. Copenhagen Open  (Politiken Cup)"]
[Site "Copenhagen"]
[Date "2003.07.22"]
[Round "8"]
[White "Frisk, Hans"]
[Black "Nielsen, Jan Mose"]
[Result "1/2-1/2"]
[WhiteElo "1980"]
[BlackElo "2111"]
[PlyCount "140"]
[EventDate "2003.07.14"]
[EventType "swiss"]
[EventRounds "11"]
[EventCountry "DEN"]
[SourceDate "2004.01.01"]

1. e4 c5 2. Nf3 Nc6 3. d4 cxd4 4. Nxd4 e5 5. Nb5 a6 6. Nd6+ Bxd6 7. Qxd6 Qf6 8.
Qxf6 Nxf6 9. Nc3 d5 10. Bg5 d4 11. Bxf6 dxc3 12. Bxg7 cxb2 13. Rb1 Rg8 14. Bh6
Be6 15. Rxb2 O-O-O 16. g3 Rd4 17. Bg2 Ra4 18. O-O Rxa2 19. Rxa2 Bxa2 20. Bh3+
Kb8 21. Rd1 Nd4 22. Be3 Nxc2 23. Bc5 Ka8 24. Bf5 h5 25. h4 Bc4 26. Rd7 Ne1 27.
Bh7 Rc8 28. Bb6 Be6 29. Rd8 Rxd8 30. Bxd8 b5 31. Bf5 Bxf5 32. exf5 b4 33. Ba5
b3 34. Bc3 a5 35. Kf1 Nd3 36. Ke2 b2 37. Bxb2 Nxb2 38. g4 Na4 39. gxh5 Nc3+ 40.
Kd3 Nd5 41. Kc4 Nf6 42. h6 Kb7 43. Kb5 e4 44. Kxa5 Kc6 45. Ka6 Kd6 46. Kb7 Ke5
47. Kc6 Kxf5 48. Kd6 Kf4 49. h5 Kg5 50. Ke7 Ng8+ 51. Kxf7 Nxh6+ 52. Ke6 Kf4 53.
Kd6 Kf5 54. Kd5 Nf7 55. Kd4 Kf4 56. Kd5 Kf3 57. Ke6 Nh8 58. Ke5 Nf7+ 59. Kf6
Nh6 60. Ke5 Ng4+ 61. Kf5 Nxf2 62. h6 e3 63. h7 e2 64. h8=Q e1=Q 65. Qa8+ Ne4
66. Qa3+ Kf2 67. Kf4 Qe2 68. Qa7+ Kf1 69. Qe3 Qd2 70. Qxd2 Nxd2 1/2-1/2

[Event "25. Copenhagen Open  (Politiken Cup)"]
[Site "Copenhagen"]
[Date "2003.07.22"]
[Round "8"]
[White "Gullaksen, Eirik T"]
[Black "Grubert, Christian"]
[Result "1-0"]
[WhiteElo "2359"]
[BlackElo "2168"]
[PlyCount "73"]
[EventDate "2003.07.14"]
[EventType "swiss"]
[EventRounds "11"]
[EventCountry "DEN"]
[SourceDate "2004.01.01"]

1. e4 c5 2. Nf3 g6 3. d4 cxd4 4. Nxd4 Bg7 5. Nc3 Nc6 6. Be3 Nf6 7. Bc4 O-O 8.
Bb3 Ng4 9. Qxg4 Nxd4 10. Qh4 e6 11. Qxd8 Rxd8 12. O-O-O Nxb3+ 13. axb3 b6 14.
Nb5 Bb7 15. Nd6 Bc6 16. b4 Be5 17. b5 Bxd6 18. bxc6 dxc6 19. Bg5 f6 20. Bxf6
Bf4+ 21. Kb1 Rd2 22. Rxd2 Bxd2 23. c3 Rf8 24. e5 Bh6 25. g4 Bg7 26. g5 Bxf6 27.
gxf6 Rd8 28. Kc2 Rd5 29. f4 Kf7 30. Rd1 Rxd1 31. Kxd1 a5 32. c4 Ke8 33. Kc2 Kf7
34. Kb3 h6 35. h4 Ke8 36. Ka4 Kd7 37. c5 1-0

[Event "25. Copenhagen Open  (Politiken Cup)"]
[Site "Copenhagen"]
[Date "2003.07.22"]
[Round "8"]
[White "Hagesaether, Arne"]
[Black "Stokke, Kjetil"]
[Result "0-1"]
[WhiteElo "2088"]
[BlackElo "2162"]
[PlyCount "108"]
[EventDate "2003.07.14"]
[EventType "swiss"]
[EventRounds "11"]
[EventCountry "DEN"]
[SourceDate "2004.01.01"]

1. e4 c5 2. Nf3 Nc6 3. d4 cxd4 4. Nxd4 Nf6 5. Nc3 e5 6. Ndb5 d6 7. Bg5 a6 8.
Na3 b5 9. Nd5 Qa5+ 10. Bd2 Qd8 11. Bg5 Be7 12. Bxf6 Bxf6 13. c4 Qa5+ 14. Qd2
Bd8 15. cxb5 Qxd2+ 16. Kxd2 Ba5+ 17. Ke3 Nb4 18. Nc4 Nxd5+ 19. exd5 Bb4 20.
bxa6 Bxa6 21. Be2 Ke7 22. f4 Bc5+ 23. Kf3 f6 24. Rhc1 Bb7 25. Rd1 Bd4 26. Ne3
Kd8 27. Bc4 Bc8 28. Rd2 g5 29. g3 h5 30. Rc1 g4+ 31. Ke4 Bc5 32. fxe5 fxe5 33.
Rf1 h4 34. Rf7 hxg3 35. hxg3 Rh1 36. Nxg4 Ra4 37. Rf8+ Ke7 38. Rxc8 Rxc4+ 39.
Kf3 e4+ 40. Ke2 Rcc1 41. Rxc5 dxc5 42. d6+ Kd8 43. Ke3 Rce1+ 44. Re2 Rxe2+ 45.
Kxe2 Kd7 46. Nf6+ Kxd6 47. Nxe4+ Kd5 48. Nd2 c4 49. Nf1 Kd4 50. a3 Rh8 51. Kd2
Rf8 52. Ke2 Rb8 53. Nd2 Rxb2 54. Kd1 Kd3 0-1

[Event "25. Copenhagen Open  (Politiken Cup)"]
[Site "Copenhagen"]
[Date "2003.07.22"]
[Round "8"]
[White "Hansen, Erik Friberg"]
[Black "Eiholt, Bjarne"]
[Result "0-1"]
[WhiteElo "1220"]
[BlackElo "1690"]
[PlyCount "78"]
[EventDate "2003.07.14"]
[EventType "swiss"]
[EventRounds "11"]
[EventCountry "DEN"]
[SourceDate "2004.01.01"]

1. d4 c6 2. e4 d5 3. e5 Bf5 4. Nf3 e6 5. c3 Qb6 6. Bd3 Bxd3 7. Qxd3 c5 8. O-O
Nc6 9. Rd1 cxd4 10. cxd4 Nge7 11. Nh4 Nb4 12. Qb3 Rc8 13. Nc3 Nec6 14. Na4 Qd8
15. Nf3 Be7 16. a3 Na5 17. Qe3 Nc2 18. Qd3 Nxa1 19. Qb5+ Rc6 20. Bd2 N1b3 21.
Bxa5 Nxa5 22. Rc1 O-O 23. Rxc6 bxc6 24. Qa6 Qc7 25. Qd3 Rb8 26. Nd2 c5 27. Qc3
Rc8 28. dxc5 Bxc5 29. Nb3 Nxb3 30. Qxb3 Qxe5 31. g3 Qe1+ 32. Kg2 Qe4+ 33. Kf1
Qc4+ 34. Qxc4 dxc4 35. Nc3 a6 36. h3 Rb8 37. Na4 Bd4 38. Nc3 Bxc3 39. bxc3 Rb3
0-1

[Event "25. Copenhagen Open  (Politiken Cup)"]
[Site "Copenhagen"]
[Date "2003.07.22"]
[Round "8"]
[White "Hansen, Jens Martin"]
[Black "Fogh, Jens Olaf Svanholm"]
[Result "1-0"]
[WhiteElo "1731"]
[BlackElo "1568"]
[PlyCount "63"]
[EventDate "2003.07.14"]
[EventType "swiss"]
[EventRounds "11"]
[EventCountry "DEN"]
[SourceDate "2004.01.01"]

1. e4 e5 2. Bc4 Nf6 3. d3 Nc6 4. Nc3 Bb4 5. Nge2 d5 6. exd5 Nxd5 7. O-O Be6 8.
Ne4 h6 9. N2g3 Qd7 10. Nh5 O-O-O 11. Nxg7 f5 12. Nxe6 Qxe6 13. Nc3 Bxc3 14.
bxc3 Rhg8 15. f4 Qg6 16. Bxd5 Rxd5 17. Qf3 e4 18. dxe4 fxe4 19. Qh3+ Kb8 20. f5
Qg7 21. f6 Qf8 22. f7 Rg6 23. Bxh6 Rxh6 24. Qxh6 Qc5+ 25. Kh1 Qxc3 26. f8=Q+
Nd8 27. Qhf6 Qd2 28. Rad1 Qxd1 29. Rxd1 Rxd1+ 30. Qf1 Rd5 31. h3 e3 32. Q1f6
1-0

[Event "25. Copenhagen Open  (Politiken Cup)"]
[Site "Copenhagen"]
[Date "2003.07.22"]
[Round "8"]
[White "Hanssen, Gunnar Berg"]
[Black "Hansen, Rene Rauer"]
[Result "0-1"]
[WhiteElo "2280"]
[BlackElo "2055"]
[PlyCount "104"]
[EventDate "2003.07.14"]
[EventType "swiss"]
[EventRounds "11"]
[EventCountry "DEN"]
[SourceDate "2004.01.01"]

1. d4 Nf6 2. c4 g6 3. Nc3 Bg7 4. e4 d6 5. Nf3 O-O 6. Be2 e5 7. O-O Nc6 8. d5
Ne7 9. Ne1 Nd7 10. Nd3 f5 11. Bd2 fxe4 12. Nxe4 Nf6 13. f3 Nf5 14. Ndf2 Bh6 15.
Nxf6+ Qxf6 16. Ng4 Qg7 17. Nxh6+ Nxh6 18. f4 Nf7 19. Bc3 Re8 20. c5 Qh6 21.
cxd6 cxd6 22. Qd2 Bf5 23. Rae1 Rad8 24. g3 exf4 25. Rxf4 Ne5 26. Ref1 Qg5 27.
Qd4 b6 28. Bb5 Re7 29. Kg2 h5 30. Bd2 Qf6 31. Bc3 Qg7 32. h3 Bd7 33. Be2 Bf5
34. g4 hxg4 35. hxg4 Bd7 36. a3 g5 37. Rf6 Be8 38. Re6 Rxe6 39. dxe6 Bc6+ 40.
Bf3 Bxf3+ 41. Rxf3 Qb7 42. Qe3 Qxf3+ 43. Qxf3 Nxf3 44. Kxf3 Re8 45. Bd2 Rxe6
46. Bxg5 Kf7 47. Be3 d5 48. Bd4 Kg6 49. Bc3 Re4 50. Bd2 Rc4 51. Be3 d4 52. Bd2
Rc2 0-1

[Event "25. Copenhagen Open  (Politiken Cup)"]
[Site "Copenhagen"]
[Date "2003.07.22"]
[Round "8"]
[White "Harestad, Hans Krogh"]
[Black "Hoi, Carsten"]
[Result "1/2-1/2"]
[WhiteElo "2249"]
[BlackElo "2385"]
[PlyCount "175"]
[EventDate "2003.07.14"]
[EventType "swiss"]
[EventRounds "11"]
[EventCountry "DEN"]
[SourceDate "2004.01.01"]

1. d4 Nf6 2. c4 g6 3. Nc3 Bg7 4. e4 d6 5. Nf3 O-O 6. Be2 c5 7. d5 e5 8. O-O Nh5
9. g3 Bh3 10. Re1 h6 11. Nd2 Nf6 12. Rb1 Nbd7 13. b4 cxb4 14. Rxb4 Nc5 15. f3
Ne8 16. Rb2 h5 17. Nb3 b6 18. Be3 Kh7 19. a4 f5 20. Bf1 Bxf1 21. Rxf1 f4 22.
gxf4 exf4 23. Bd4 Nd7 24. Bxg7 Nxg7 25. Qd4 Ne5 26. Nb5 g5 27. h3 Qd7 28. Rh2
Rac8 29. Nd2 a6 30. Nc3 Qc7 31. Ne2 h4 32. Rb1 Rb8 33. Kf2 Nh5 34. Rhh1 Ng3 35.
Rhe1 Qc5 36. Rb3 Nxe2 37. Qxc5 bxc5 38. Rxe2 Rxb3 39. Nxb3 Nxc4 40. e5 Nxe5 41.
Nxc5 Kg6 42. Ne4 Rd8 43. Rc2 Rb8 44. Rc3 Rb2+ 45. Kg1 Rb1+ 46. Kf2 Rb2+ 47. Kg1
Rb4 48. Nxd6 Rxa4 49. Nb7 Rd4 50. Ra3 a5 51. Nxa5 Rxd5 52. Nb7 Rd1+ 53. Kf2
Rd2+ 54. Kg1 Nc4 55. Ra6+ Kf5 56. Rc6 Ne5 57. Nd6+ Ke6 58. Ne4+ Nxc6 59. Nxd2
Nd4 60. Kf2 Ke5 61. Ne4 Ne6 62. Ke2 Kd4 63. Nf6 Kc3 64. Ne4+ Kc2 65. Ke1 Kd3
66. Kf2 Kc4 67. Kf1 Kd5 68. Kf2 Ke5 69. Kf1 Kf5 70. Nd6+ Kg6 71. Ne4 Nd8 72.
Ke2 Nf7 73. Kd3 Kf5 74. Ke2 Ke6 75. Kd3 Ke5 76. Ke2 Kd4 77. Kf2 Kc4 78. Ke2 Kd5
79. Kf2 Ke5 80. Ke2 Kf5 81. Kf2 Nh6 82. Ke1 g4 83. hxg4+ Nxg4 84. Kf1 Ne3+ 85.
Kg1 Ke5 86. Kh2 Kd4 87. Kh3 Nf5 88. Kg4 1/2-1/2

[Event "25. Copenhagen Open  (Politiken Cup)"]
[Site "Copenhagen"]
[Date "2003.07.22"]
[Round "8"]
[White "Hartvig, Ove Weiss"]
[Black "Jorgensen, Dennis"]
[Result "1/2-1/2"]
[WhiteElo "2295"]
[BlackElo "2104"]
[PlyCount "34"]
[EventDate "2003.07.14"]
[EventType "swiss"]
[EventRounds "11"]
[EventCountry "DEN"]
[SourceDate "2004.01.01"]

1. e4 d6 2. Nc3 Nf6 3. f4 g6 4. Nf3 Bg7 5. g3 O-O 6. Bg2 c5 7. d3 Nc6 8. O-O
Rb8 9. h3 b5 10. g4 b4 11. Ne2 Ba6 12. f5 c4 13. Nf4 cxd3 14. cxd3 Ne5 15. Be3
Qd7 16. Nd4 g5 17. Nfe2 Bxd3 1/2-1/2

[Event "25. Copenhagen Open  (Politiken Cup)"]
[Site "Copenhagen"]
[Date "2003.07.22"]
[Round "8"]
[White "Hasling, Rolf Hjortkjaer"]
[Black "Rendboe, John Filip"]
[Result "1-0"]
[WhiteElo "2040"]
[BlackElo "2239"]
[PlyCount "73"]
[EventDate "2003.07.14"]
[EventType "swiss"]
[EventRounds "11"]
[EventCountry "DEN"]
[SourceDate "2004.01.01"]

1. e4 c5 2. Nf3 Nc6 3. d4 cxd4 4. Nxd4 e5 5. Nb5 Nf6 6. f3 d6 7. c4 a6 8. N5a3
g6 9. Be3 Bg7 10. Nc3 O-O 11. Qd2 Be6 12. Rd1 Ne8 13. Nc2 Qa5 14. b4 Qc7 15.
Be2 Rc8 16. Nd5 Bxd5 17. cxd5 Ne7 18. Rc1 f5 19. O-O Qd7 20. b5 Nf6 21. Bd3
axb5 22. Na3 fxe4 23. fxe4 Ng4 24. Bxb5 Qd8 25. Nc4 Nxe3 26. Qxe3 Rc5 27. a4
Nc8 28. Rxf8+ Bxf8 29. Rf1 Bg7 30. Qh3 h6 31. Qe6+ Kh7 32. Nd2 Qg5 33. Nf3 Qf6
34. Rb1 Rc7 35. h4 Qf4 36. Bd7 Qe3+ 37. Kh1 {Time.} 1-0